000 00630nam a2200205Ii 4500
003 JO-AjNU
008 230606s9999||||xx |||||||||||||| ||und||
020 _a0-07-07212-1
040 _aJO-AjNU
_beng
_erda
_cJO-AjNU
041 _aeng
050 1 4 _aHF5679.W8 1984
100 3 _aWu, Frederick H,
_eauthor
_93159
245 0 0 _aAccounting Information Systems Theory and Practice
264 3 1 _aAuckland: Mc Graw Hill Book Company ,1984
300 _a605p
_b Includes indexes(p599-605)
336 _atext
_btxt
_2rdacontent
337 _aunmediated
_bn
_2rdamedia
338 _avolume
_bnc
_2rdacarrier
650 4 _aAccounting
_93160
999 _aE1655
_c1655
_d1655